[Event "Gaia Profigaia op 9th"]
[Site "Vila Nova de Gaia"]
[Date "2016.06.27"]
[Round "6"]
[White "Ferreira, Susana Carolina G"]
[Black "Silva, Goncalo Nuno Neto"]
[Result "0-1"]
[WhiteElo "1651"]
[BlackElo "1953"]
[PlyCount "90"]
[EventDate "2016.06.24"]
[EventType "swiss"]
[EventRounds "7"]
[EventCountry "POR"]
[SourceTitle "EXT 2018"]
[Source "ChessBase"]
[SourceDate "2017.10.13"]
[SourceVersion "1"]
[SourceVersionDate "2017.10.13"]
[SourceQuality "1"]

1. e4 c5 2. Nf3 d6 3. Bb5+ Nd7 4. 0-0 g6 5. c3 a6 6. Bxd7+ Bxd7 7. d4 cxd4 8. cxd4 Bg7 9. h3 Bc6 10. Re1 Nf6 11. Nc3 0-0 12. Qb3 Qa5 13. Bg5 Rfe8 14. d5 Bd7 15. Bxf6 Bxf6 16. Rac1 b5 17. a3 Rab8 18. e5 dxe5 19. Nxe5 Bxe5 20. Rxe5 b4 21. axb4 Rxb4 22. Qa3 Qb6 23. Re2 Rb3 24. Qa2 Rb8 25. Rcc2 Bf5 26. Rcd2 Qc7 27. g4 Bc8 28. Re3 R3b4 29. Qa3 a5 30. Na2 Bd7 31. Nc3 Qc5 32. Rde2 Re8 33. Na2 Bxg4 34. hxg4 Rxg4+ 35. Rg3 Qxd5 36. Nc3 Qf3 37. Rxg4 Qxg4+ 38. Kh2 Qh4+ 39. Kg2 Qg5+ 40. Kh2 h5 41. Qa4 Rc8 42. Qe4 e6 43. Qe5 Qh4+ 44. Kg1 Qg4+ 45. Qg3 Rxc3 0-1

[Event "Gaia Profigaia op 9th"]
[Site "Vila Nova de Gaia"]
[Date "2016.06.25"]
[Round "3"]
[White "Ferreira, Susana Carolina G"]
[Black "Mesquita, Goncalo Sincero Cos"]
[Result "1-0"]
[WhiteElo "1651"]
[BlackElo "1220"]
[PlyCount "59"]
[EventDate "2016.06.24"]
[EventType "swiss"]
[EventRounds "7"]
[EventCountry "POR"]
[SourceTitle "EXT 2018"]
[Source "ChessBase"]
[SourceDate "2017.10.13"]
[SourceVersion "1"]
[SourceVersionDate "2017.10.13"]
[SourceQuality "1"]

1. e4 c5 2. Nf3 Nc6 3. Bb5 g6 4. 0-0 Bg7 5. Re1 Nf6 6. c3 0-0 7. d4 cxd4 8. cxd4 d6 9. h3 Qb6 10. Nc3 Bd7 11. a3 Rfe8 12. Qd3 Kh8 13. Be3 a6 14. d5 Qc7 15. dxc6 Bxc6 16. Bxc6 Qxc6 17. Rac1 Qd7 18. Rc2 Rac8 19. Rec1 e6 20. Rd1 Kg8 21. e5 Nd5 22. Nxd5 exd5 23. Rxc8 Qxc8 24. Qxd5 Bxe5 25. Nxe5 Rxe5 26. Qxd6 Re8 27. Bh6 Qe6 28. Qxe6 Rxe6 29. Rd8+ Re8 30. Rxe8# 1-0

[Event "POR-ch (Women)"]
[Site "Porto"]
[Date "2016.03.21"]
[Round "4"]
[White "Ferreira, Susana Carolina G"]
[Black "Pereira, Carolina Nobre"]
[Result "1-0"]
[WhiteElo "1651"]
[BlackElo "1199"]
[PlyCount "33"]
[EventDate "2016.03.20"]
[EventType "swiss"]
[EventRounds "6"]
[EventCountry "POR"]
[SourceTitle "CBM 171 Extra"]
[Source "ChessBase"]
[SourceDate "2016.04.26"]
[SourceVersion "1"]
[SourceVersionDate "2016.04.26"]
[SourceQuality "1"]

1. e4 e5 2. Nf3 Nc6 3. Nc3 Nf6 4. d4 exd4 5. Nxd4 Bb4 6. Nxc6 bxc6 7. Bg5 d5 8. exd5 cxd5 9. Bb5+ Bd7 10. Qe2+ Be7 11. Bxf6 gxf6 12. 0-0-0 Rb8 13. Bxd7+ Qxd7 14. Nxd5 Kd8 15. Nxe7 Re8 16. Rxd7+ Kxd7 17. Rd1# 1-0

[Event "POR-ch rapid (Women)"]
[Site "Matosinhos"]
[Date "2016.03.19"]
[Round "3"]
[White "Ferreira, Susana Carolina G"]
[Black "Baptista, Ana Filipa"]
[Result "0-1"]
[WhiteElo "1661"]
[BlackElo "2086"]
[PlyCount "70"]
[EventDate "2016.03.19"]
[EventType "swiss (rapid)"]
[EventRounds "6"]
[EventCountry "POR"]
[SourceTitle "EXT 2018"]
[Source "ChessBase"]
[SourceDate "2017.10.13"]
[SourceVersion "1"]
[SourceVersionDate "2017.10.13"]
[SourceQuality "1"]

1. d4 Nf6 2. c4 e6 3. Nc3 Bb4 4. a3 Bxc3+ 5. bxc3 b6 6. Bg5 h6 7. Bh4 Bb7 8. e3 d6 9. Nf3 Nbd7 10. Bd3 g5 11. Bg3 Ne4 12. Qc2 f5 13. 0-0 h5 14. h3 Nxg3 15. fxg3 g4 16. Nh4 Qg5 17. Qf2 gxh3 18. gxh3 Rg8 19. Kh2 0-0-0 20. Qf4 Qg7 21. Rg1 Kb8 22. a4 e5 23. dxe5 dxe5 24. Qf2 e4 25. Be2 Nc5 26. Rg2 Qxc3 27. Rf1 Nd3 28. Qxf5 Ne1 29. Rgg1 Nc2 30. Ng2 h4 31. g4 Nxe3 32. Nxe3 Qxe3 33. Qf2 Qc3 34. Rc1 Qe5+ 35. Kh1 e3+ 0-1

[Event "POR-ch rapid (Women)"]
[Site "Matosinhos"]
[Date "2016.03.19"]
[Round "5"]
[White "Ferreira, Susana Carolina G"]
[Black "Silva, Ana Ines Teixeira D"]
[Result "0-1"]
[WhiteElo "1661"]
[BlackElo "1545"]
[PlyCount "78"]
[EventDate "2016.03.19"]
[EventType "swiss (rapid)"]
[EventRounds "6"]
[EventCountry "POR"]
[SourceTitle "EXT 2018"]
[Source "ChessBase"]
[SourceDate "2017.10.13"]
[SourceVersion "1"]
[SourceVersionDate "2017.10.13"]
[SourceQuality "1"]

1. d4 Nf6 2. c4 c5 3. d5 b5 4. cxb5 a6 5. bxa6 Bxa6 6. Nc3 g6 7. g3 Bg7 8. Bg2 d6 9. e4 0-0 10. Nge2 Nbd7 11. 0-0 Qc7 12. Re1 Rfb8 13. Qc2 Ne5 14. f4 Nd3 15. Rf1 c4 16. Nd1 Qb6+ 17. Kh1 Ng4 18. Nec3 Bd4 19. h3 Ngf2+ 20. Nxf2 Nxf2+ 21. Kh2 Nd3 22. Rb1 Qa5 23. Bd2 Nb4 24. Qd1 Nxa2 25. Ne2 Qc5 26. Nxd4 Qxd4 27. Qe1 Rxb2 28. Be3 Rxb1 29. Bxd4 Rxe1 30. Rxe1 c3 31. e5 c2 32. Bb2 Rb8 33. Ba3 Rb3 34. Bc1 Rb1 35. exd6 exd6 36. Re8+ Kg7 37. Be3 c1Q 38. Bd4+ Kh6 39. Bf6 Qg1# 0-1

[Event "POR-ch rapid (Women)"]
[Site "Matosinhos"]
[Date "2016.03.19"]
[Round "4"]
[White "Pipiras, Filipa Fortuna"]
[Black "Ferreira, Susana Carolina G"]
[Result "0-1"]
[WhiteElo "1380"]
[BlackElo "1661"]
[PlyCount "168"]
[EventDate "2016.03.19"]
[EventType "swiss (rapid)"]
[EventRounds "6"]
[EventCountry "POR"]
[SourceTitle "EXT 2018"]
[Source "ChessBase"]
[SourceDate "2017.10.13"]
[SourceVersion "1"]
[SourceVersionDate "2017.10.13"]
[SourceQuality "1"]

1. e4 c5 2. Nf3 d6 3. d4 cxd4 4. Nxd4 Nf6 5. Nc3 a6 6. f3 Nc6 7. Be3 Bd7 8. Qd2 g6 9. 0-0-0 Bg7 10. Kb1 0-0 11. Bh6 Nxd4 12. Bxg7 Kxg7 13. Qxd4 Kg8 14. Be2 b5 15. Nd5 Nxd5 16. Qxd5 Be6 17. Qd4 Qa5 18. b3 Rfc8 19. Qd2 Qa3 20. Qc1 Qc5 21. h4 a5 22. h5 a4 23. hxg6 fxg6 24. Bd3 axb3 25. cxb3 Qa7 26. Qb2 Qa3 27. Qxa3 Rxa3 28. Kb2 Rca8 29. Ra1 b4 30. Rhc1 R3a7 31. Bc4 Kf7 32. Bxe6+ Kxe6 33. Rc4 Rb7 34. Rac1 Rba7 35. Ra1 Rb7 36. Rac1 h6 37. Rh1 h5 38. Rd1 Rb5 39. Rc2 Rba5 40. Ra1 Rg5 41. Rd2 Raa5 42. Rg1 Rg3 43. Rf2 g5 44. Rd1 h4 45. Rd4 Rb5 46. Rc4 g4 47. Rd4 h3 48. gxh3 gxh3 49. Rd1 Rg2 50. Rxg2 hxg2 51. Rg1 Rg5 52. Kc2 Ke5 53. Kd3 Kf4 54. Ke2 Rg3 55. Kf2 Rxf3+ 56. Ke2 Rg3 57. Kf2 e5 58. Ke2 Kxe4 59. Kf2 Kf4 60. Ke2 d5 61. Kf2 e4 62. Ke2 d4 63. Kd2 d3 64. Ke1 e3 65. Kd1 Kf3 66. Ke1 d2+ 67. Kd1 Kf2 68. Rxg2+ Rxg2 69. Kc2 Rg1 70. Kd3 d1Q+ 71. Kc4 Rg4+ 72. Kb5 Qd5+ 73. Ka4 Qd7+ 74. Ka5 Qa7+ 75. Kb5 Rg5+ 76. Kc4 e2 77. Kxb4 Qa5+ 78. Kc4 Rd5 79. b4 Qb5+ 80. Kc3 Qd3+ 81. Kb2 Qe3 82. Kc2 Rd2+ 83. Kc1 Qc3+ 84. Kb1 Qb2# 0-1

[Event "POR-ch (Women)"]
[Site "Lisbon"]
[Date "2014.04.14"]
[Round "2"]
[White "Ferreira, Susana Carolina G"]
[Black "Ferreira, Beatriz Oliveira"]
[Result "0-1"]
[WhiteElo "1656"]
[BlackElo "1556"]
[PlyCount "188"]
[EventDate "2014.04.13"]
[EventType "swiss"]
[EventRounds "6"]
[EventCountry "POR"]
[SourceTitle "EXT 2015"]
[Source "ChessBase"]
[SourceDate "2014.11.20"]
[SourceVersion "1"]
[SourceVersionDate "2014.11.20"]
[SourceQuality "1"]

1. e4 d5 2. exd5 Qxd5 3. Nc3 Qa5 4. d4 Nf6 5. Nf3 Bg4 6. Be2 e6 7. 0-0 c6 8. h3 Bh5 9. Bf4 Nbd7 10. a3 Be7 11. Qd2 0-0 12. Rfe1 Qd8 13. b4 Nb6 14. Rad1 Bd6 15. Bg5 Be7 16. g4 Bg6 17. Ne5 Nfd5 18. Bxe7 Qxe7 19. Nb1 Nd7 20. Nxg6 hxg6 21. c4 Nc7 22. Bf3 Nb6 23. Qe2 Rad8 24. Nc3 Qf6 25. Ne4 Qe7 26. Nc5 Qf6 27. Nxb7 Rxd4 28. Rxd4 Qxd4 29. c5 Nbd5 30. Rd1 Qc3 31. Rd3 Qc1+ 32. Qd1 Qxd1+ 33. Rxd1 Nb5 34. Na5 Rc8 35. Ra1 Kf8 36. Be2 Nd4 37. Ba6 Rc7 38. Bb7 Ke7 39. Ba6 Nf4 40. Kh2 g5 41. Nc4 f6 42. Nd6 Nf3+ 43. Kg3 Ne5 44. Rd1 Nd5 45. Ne4 Rd7 46. Nd6 Nf7 47. Nc4 Rc7 48. Kf3 Nf4 49. h4 Nd5 50. h5 Rd7 51. Bc8 Rc7 52. Ba6 Rd7 53. Rd2 Rd8 54. b5 Nc7 55. Rxd8 Kxd8 56. a4 Nxa6 57. bxa6 Kc7 58. Ke4 Nh6 59. f3 Nf7 60. Kd4 Kd7 61. Ke4 Kc7 62. Kd4 Kd7 63. Ke4 Kc7 64. f4 gxf4 65. Kxf4 Kd7 66. Ke4 Ng5+ 67. Kf4 Nf7 68. Ke4 Nh6 69. Kf4 e5+ 70. Kf3 Ke6 71. Na5 Kd5 72. Nb7 Nf7 73. Ke3 Ng5 74. a5 Ne4 75. Nd8 Nxc5 76. Nf7 Nxa6 77. g5 fxg5 78. Nxg5 Nc7 79. Ne4 Ne6 80. Ng3 Nf4 81. Kf3 c5 82. Kg4 c4 83. Nf5 Ne6 84. Nxg7 c3 85. Nf5 Ke4 86. Ng3+ Kd3 87. Kf5 Ng7+ 88. Kxe5 Nxh5 89. Ne4 c2 90. Nc5+ Kc3 91. Ne4+ Kb2 92. Nc5 Kc3 93. Ne4+ Kb4 94. Nc5 Kxc5 0-1

[Event "POR-ch (Women)"]
[Site "Aveiro"]
[Date "2013.07.05"]
[Round "4.2"]
[White "Ferreira, Susana Carolina G"]
[Black "Silva, Mariana Sofia Teixe"]
[Result "0-1"]
[WhiteElo "1696"]
[BlackElo "1574"]
[PlyCount "106"]
[EventDate "2013.07.03"]
[EventType "swiss"]
[EventRounds "5"]
[EventCountry "POR"]
[SourceTitle "EXT 2015"]
[Source "ChessBase"]
[SourceDate "2014.11.20"]
[SourceVersion "1"]
[SourceVersionDate "2014.11.20"]
[SourceQuality "1"]

1. d4 d5 2. c4 c6 3. Nc3 Nf6 4. Nf3 e6 5. Bg5 Be7 6. cxd5 exd5 7. e3 0-0 8. Bd3 Nbd7 9. 0-0 Re8 10. Qc2 h6 11. Bh4 c5 12. dxc5 Nxc5 13. Bb5 Bd7 14. Bxd7 Ncxd7 15. Rfd1 Rc8 16. Qd3 Nc5 17. Qd4 Ne6 18. Qd2 Ne4 19. Bxe7 Rxe7 20. Qxd5 Nxc3 21. Qxd8+ Nxd8 22. bxc3 Rec7 23. Rac1 Ne6 24. Rb1 b6 25. Nd4 Ng5 26. Nb5 Re7 27. Rd3 Ne4 28. Kf1 a6 29. Nd4 b5 30. Ne2 Rec7 31. Ke1 Kf8 32. f3 Nxc3 33. Nxc3 Rxc3 34. Rxc3 Rxc3 35. Kd2 Ra3 36. Rb2 Ke7 37. e4 Kd6 38. Rc2 b4 39. Kc1 a5 40. Kb2 Re3 41. Kc1 Ra3 42. Kd2 Kd7 43. f4 Kd6 44. g3 Rf3 45. Ke2 Ra3 46. g4 Rh3 47. e5+ Kd7 48. f5 Rxh2+ 49. Kd3 Rxc2 50. Kxc2 a4 51. Kb2 g6 52. Kc2 h5 53. fxg6 fxg6 0-1

[Event "World University-ch (Women) 12th"]
[Site "Guimaraes"]
[Date "2012.08.24"]
[Round "8"]
[White "Anu, Bayar"]
[Black "Ferreira, Susana Carolina G"]
[Result "1-0"]
[WhiteElo "2036"]
[BlackElo "1698"]
[PlyCount "69"]
[EventDate "2012.08.20"]
[EventType "swiss"]
[EventRounds "9"]
[EventCountry "POR"]
[SourceTitle "CBM 150 Extra"]
[Source "ChessBase"]
[SourceDate "2012.10.19"]
[SourceVersion "1"]
[SourceVersionDate "2012.10.19"]
[SourceQuality "1"]

1. d4 d5 2. c4 e6 3. Nc3 Nf6 4. cxd5 exd5 5. Bg5 Be7 6. Qc2 0-0 7. e3 Nbd7 8. Bd3 Re8 9. Nge2 Nf8 10. h4 c6 11. 0-0-0 Bd7 12. f3 b5 13. Nf4 a5 14. g4 Bb4 15. Nh5 Be7 16. Ng3 a4 17. Bf4 Kh8 18. h5 b4 19. Nce2 Qb6 20. g5 Ng8 21. g6 fxg6 22. hxg6 c5 23. Be5 Nf6 24. Nf4 cxd4 25. Bxd4 Qb7 26. Kb1 b3 27. Rxh7+ N6xh7 28. Qh2 bxa2+ 29. Ka1 a3 30. Ngh5 axb2+ 31. Bxb2 Bf6 32. Nxf6 gxf6 33. Bxf6+ Kg8 34. gxh7+ Nxh7 35. Qxh7+ 1-0

[Event "POR-ch (Women)"]
[Site "Lisbon"]
[Date "2011.12.19"]
[Round "4"]
[White "Ferreira, Susana Carolina G"]
[Black "Nogueira, Diana Sofia Cunha"]
[Result "1-0"]
[WhiteElo "1707"]
[BlackElo "1475"]
[PlyCount "53"]
[EventDate "2011.12.17"]
[EventType "swiss"]
[EventRounds "6"]
[EventCountry "POR"]
[SourceTitle "CBM 146 Extra"]
[Source "ChessBase"]
[SourceDate "2012.02.29"]
[SourceVersion "1"]
[SourceVersionDate "2012.02.29"]
[SourceQuality "1"]

1. e4 e5 2. Nf3 Nc6 3. Nc3 Nf6 4. d4 exd4 5. Nxd4 Bc5 6. Nxc6 dxc6 7. Qxd8+ Kxd8 8. Bg5 Be7 9. 0-0-0+ Nd7 10. Bf4 h6 11. Bg3 Re8 12. Bc4 Bc5 13. f4 b5 14. Bxf7 Rf8 15. Bg6 Be3+ 16. Kb1 Bxf4 17. Rhf1 Bd6 18. Bh4+ Nf6 19. e5 Bg4 20. exf6 gxf6 21. Rd2 Kc8 22. h3 Be6 23. Ne4 Be5 24. Nc5 Bc4 25. Bf5+ Kb8 26. Rfd1 Bd6 27. Nd7+ 1-0

[Event "POR Honra"]
[Site "Vila Nova de Gaia"]
[Date "2011.06.07"]
[Round "3"]
[White "Ferreira, Susana Carolina G"]
[Black "Sousa, Nuno Miguel Vale"]
[Result "0-1"]
[WhiteElo "1683"]
[BlackElo "1983"]
[PlyCount "88"]
[EventDate "2011.06.05"]
[EventType "tourn"]
[EventRounds "9"]
[EventCountry "POR"]
[SourceTitle "CBM 142 Extra"]
[Source "ChessBase"]
[SourceDate "2011.06.27"]
[SourceVersion "1"]
[SourceVersionDate "2011.06.27"]
[SourceQuality "1"]

1. e4 c5 2. Nf3 g6 3. d4 cxd4 4. Nxd4 Nc6 5. Be3 Bg7 6. c3 Nf6 7. Bd3 0-0 8. 0-0 d5 9. exd5 Nxd5 10. Nxc6 Nxe3 11. Nxd8 Nxd1 12. Rxd1 Rxd8 13. Na3 Bd7 14. Be4 Ba4 15. Bc2 Bxc2 16. Nxc2 Kf8 17. Kf1 e6 18. Ke2 Ke7 19. Nb4 a5 20. Nc2 Ra6 21. Rxd8 Kxd8 22. Rd1+ Kc7 23. Rd3 Rc6 24. Na3 Rc5 25. b3 Bf8 26. Nc4 a4 27. Nd2 Re5+ 28. Kd1 Bc5 29. Rf3 f5 30. Nc4 Re4 31. Kd2 b5 32. Ne3 Rh4 33. h3 e5 34. b4 e4 35. Rg3 Bd6 36. Rg5 Bf4 37. g3 Bxg5 38. gxh4 Bxh4 39. Ke2 Bg5 40. Nd1 Kc6 41. f3 exf3+ 42. Kxf3 Kd5 43. Ke2 Kc4 44. Ke1 Kd3 0-1

[Event "Wch U20 Girls 28th"]
[Site "Chotowa"]
[Date "2010.08.14"]
[Round "11"]
[White "Ferreira, Susana Carolina G"]
[Black "Lepeskaite, Migle"]
[Result "0-1"]
[WhiteElo "1726"]
[BlackElo "1801"]
[PlyCount "100"]
[EventDate "2010.08.03"]
[EventType "swiss"]
[EventRounds "13"]
[EventCountry "POL"]
[SourceTitle "CBM 137 Extra"]
[Source "ChessBase"]
[SourceDate "2010.09.01"]
[SourceVersion "1"]
[SourceVersionDate "2010.09.01"]
[SourceQuality "1"]

1. e4 e5 2. Nf3 Nf6 3. Nc3 Nc6 4. d4 exd4 5. Nxd4 Bb4 6. Nxc6 bxc6 7. Bd3 d5 8. exd5 cxd5 9. 0-0 0-0 10. Bg5 c6 11. Qf3 Be7 12. Rae1 Re8 13. h3 Be6 14. Re2 h6 15. Bf4 Bd6 16. Bxd6 Qxd6 17. Rfe1 a5 18. a3 Rab8 19. Nd1 Rb7 20. c3 Reb8 21. Bf5 Bxf5 22. Qxf5 Ne4 23. g3 g6 24. Qf4 Qxf4 25. gxf4 a4 26. Kg2 Kf8 27. Rc2 Nd6 28. Ree2 Nc4 29. Kf3 Kg7 30. Kg3 Kf6 31. h4 Rb3 32. Kg2 R8b7 33. f3 Kf5 34. Kg3 R3b6 35. Rg2 Rb8 36. Rge2 R6b7 37. Rg2 c5 38. Rge2 Kf6 39. Kf2 Rb6 40. Ne3 Nxe3 41. Kxe3 Kf5 42. Kf2 Kxf4 43. Re7 R6b7 44. Ree2 Rd7 45. Rcd2 Rbd8 46. Rd1 g5 47. hxg5 hxg5 48. Rg1 f5 49. Rc1 Rh7 50. Kg2 Rdh8 0-1

[Event "Wch U20 Girls 28th"]
[Site "Chotowa"]
[Date "2010.08.11"]
[Round "8"]
[White "Jablonska, Sabina"]
[Black "Ferreira, Susana Carolina G"]
[Result "1-0"]
[WhiteElo "1876"]
[BlackElo "1726"]
[PlyCount "71"]
[EventDate "2010.08.03"]
[EventType "swiss"]
[EventRounds "13"]
[EventCountry "POL"]
[SourceTitle "CBM 137 Extra"]
[Source "ChessBase"]
[SourceDate "2010.09.01"]
[SourceVersion "1"]
[SourceVersionDate "2010.09.01"]
[SourceQuality "1"]

1. e4 c5 2. Nf3 e6 3. d4 cxd4 4. Nxd4 a6 5. Nc3 Qc7 6. Be2 b5 7. 0-0 Bb7 8. Bf3 Nc6 9. Re1 Nxd4 10. Qxd4 Ne7 11. Bg5 Nc6 12. Nd5 Qa5 13. Qd2 Rc8 14. c3 b4 15. Rad1 Ne5 16. cxb4 Nxf3+ 17. gxf3 Qb5 18. a4 Qxa4 19. Nb6 Qb5 20. Nxc8 Bxc8 21. Qc1 Qb8 22. Bf4 Qa8 23. Qc3 Bb7 24. Re3 Bc6 25. Qd4 Qb7 26. Bd6 f6 27. Qc5 Bxd6 28. Qxd6 Kf7 29. Red3 Qb5 30. Qc7 Qg5+ 31. Kh1 Qe5 32. Rxd7+ Bxd7 33. Rxd7+ Kg6 34. Rxg7+ Kh6 35. Qd7 Qf4 36. Rg3 1-0

[Event "Wch U20 Girls 28th"]
[Site "Chotowa"]
[Date "2010.08.03"]
[Round "1"]
[White "Ferreira, Susana Carolina G"]
[Black "Baciu, Diana"]
[Result "0-1"]
[WhiteElo "1726"]
[BlackElo "2127"]
[PlyCount "64"]
[EventDate "2010.08.03"]
[EventType "swiss"]
[EventRounds "13"]
[EventCountry "POL"]
[SourceTitle "CBM 137 Extra"]
[Source "ChessBase"]
[SourceDate "2010.09.01"]
[SourceVersion "1"]
[SourceVersionDate "2010.09.01"]
[SourceQuality "1"]

1. e4 e6 2. d4 d5 3. Nd2 Be7 4. Ngf3 Nf6 5. Bd3 c5 6. e5 Nfd7 7. c3 b6 8. Qe2 Nc6 9. a3 0-0 10. Nf1 Re8 11. Ng3 Nf8 12. 0-0 a5 13. b3 Bb7 14. Be3 cxd4 15. cxd4 Na7 16. h3 Qd7 17. Bg5 Bc6 18. Bxe7 Rxe7 19. a4 b5 20. Bc2 Nc8 21. Rfb1 bxa4 22. bxa4 Qa7 23. Bd3 Nb6 24. Bb5 Rc7 25. Qd3 Rac8 26. Nd2 Bxb5 27. Qxb5 Nc4 28. Nxc4 Rxc4 29. Ne2 h6 30. Qb7 Rc1+ 31. Kh2 Qxb7 32. Rxb7 Rxa1 0-1

[Event "Wch U20 Girls"]
[Site "Puerto Madryn"]
[Date "2009.10.23"]
[Round "2"]
[White "Motycakova, Monika"]
[Black "Ferreira, Susana Carolina G"]
[Result "1-0"]
[WhiteElo "2038"]
[BlackElo "1660"]
[PlyCount "77"]
[EventDate "2009.10.22"]
[EventType "swiss"]
[EventRounds "13"]
[EventCountry "ARG"]
[SourceTitle "EXT 2010"]
[Source "ChessBase"]
[SourceDate "2010.11.25"]
[SourceVersion "1"]
[SourceVersionDate "2010.11.25"]
[SourceQuality "1"]

1. e4 c5 2. Nf3 d6 3. c3 Nf6 4. Bd3 Nc6 5. Bc2 g6 6. d3 Bg7 7. Nbd2 0-0 8. 0-0 Qc7 9. Re1 e5 10. h3 Bd7 11. Nf1 b5 12. a3 a5 13. Be3 b4 14. d4 cxd4 15. cxd4 bxa3 16. bxa3 exd4 17. Nxd4 Nxd4 18. Bxd4 Be6 19. f4 Nh5 20. Bxg7 Nxg7 21. Ne3 f5 22. exf5 Nxf5 23. Bxf5 Bxf5 24. Qd5+ Kh8 25. g4 Bd7 26. Qd4+ Kg8 27. Rac1 Qb8 28. Rb1 Qd8 29. Nd5 Rc8 30. Nb6 Rb8 31. Qxd6 Rf7 32. Red1 Rb7 33. Nc4 Qa8 34. Rxb7 Qxb7 35. Ne5 Qa7+ 36. Qd4 Qxd4+ 37. Rxd4 Be6 38. Nxf7 Kxf7 39. Ra4 1-0

[Event "Wch U20 Girls"]
[Site "Puerto Madryn"]
[Date "2009.10.22"]
[Round "1"]
[White "Ferreira, Susana Carolina G"]
[Black "Kiran, Manisha Mohanty"]
[Result "0-1"]
[WhiteElo "1660"]
[BlackElo "2261"]
[PlyCount "40"]
[EventDate "2009.10.22"]
[EventType "swiss"]
[EventRounds "13"]
[EventCountry "ARG"]
[SourceTitle "EXT 2010"]
[Source "ChessBase"]
[SourceDate "2010.11.25"]
[SourceVersion "1"]
[SourceVersionDate "2010.11.25"]
[SourceQuality "1"]

1. d4 Nf6 2. c4 g6 3. Nc3 d5 4. Nf3 Bg7 5. Bf4 0-0 6. e3 c6 7. h3 dxc4 8. Bxc4 b5 9. Bb3 a5 10. a4 b4 11. Nb1 c5 12. Bxb8 Rxb8 13. Nbd2 cxd4 14. Nxd4 Bb7 15. 0-0 Ne4 16. Nc4 Nc5 17. Ba2 Qd5 18. f3 b3 19. Nb6 Qd8 20. Qc1 Qxb6 0-1

[Event "Burgas op 18th"]
[Site "Ourense"]
[Date "2009.07.07"]
[Round "1"]
[White "Ferreira, Susana Carolina G"]
[Black "Taboas Rodriguez, Daniel"]
[Result "0-1"]
[WhiteElo "1618"]
[BlackElo "2346"]
[PlyCount "60"]
[EventDate "2009.07.07"]
[EventType "swiss"]
[EventRounds "9"]
[EventCountry "ESP"]
[SourceTitle "CBM 131 Extra"]
[Source "ChessBase"]
[SourceDate "2009.09.03"]
[SourceVersion "2"]
[SourceVersionDate "2009.09.16"]
[SourceQuality "1"]

1. d4 d5 2. c4 e6 3. e3 Nf6 4. Nc3 Be7 5. Nf3 0-0 6. cxd5 exd5 7. Bd3 c6 8. 0-0 Bg4 9. a3 a5 10. Bd2 Na6 11. h3 Bh5 12. Rc1 Bd6 13. Be2 Re8 14. Na4 Ne4 15. Qe1 Bc7 16. Nc5 Naxc5 17. dxc5 Bxf3 18. Bxf3 Nxc5 19. Qd1 Ne4 20. Be1 Ng5 21. g3 Nxh3+ 22. Kh1 Ng5 23. Bg2 Re6 24. Kg1 Rh6 25. Qg4 Rg6 26. Qd4 Bb6 27. Qc3 Qd7 28. f4 Nh3+ 29. Bxh3 Qxh3 30. Qd2 Rh6 0-1

[Event "POR-ch (Women)"]
[Site "Vila Nova de Gaia"]
[Date "2009.??.??"]
[Round "?"]
[White "Ferreira, Susana Carolina G"]
[Black "Oliveira, Maria Ines"]
[Result "0-1"]
[WhiteElo "1619"]
[BlackElo "1573"]
[PlyCount "108"]
[EventDate "2009.07.??"]
[EventType "swiss"]
[EventRounds "7"]
[EventCountry "POR"]
[SourceTitle "EXT 2012"]
[Source "ChessBase"]
[SourceDate "2011.11.24"]
[SourceVersion "1"]
[SourceVersionDate "2011.11.24"]
[SourceQuality "1"]

1. d4 d5 2. c4 e6 3. Nf3 Nf6 4. Bg5 Be7 5. e3 b6 6. Bd3 Bb7 7. 0-0 0-0 8. Nc3 Nbd7 9. cxd5 Nxd5 10. Bxe7 Qxe7 11. Nxd5 Bxd5 12. Rc1 Nf6 13. Qc2 Rac8 14. Ba6 Be4 15. Qc3 Nd5 16. Qc4 Rb8 17. Nd2 Bg6 18. e4 Nf4 19. Nf3 Bxe4 20. Qxc7 Qf6 21. Qe5 Nh3+ 22. Kh1 Qxf3 23. Qg3 Qxg3 24. hxg3 Bd5 25. f4 Nxf4 26. gxf4 Bxa2 27. Bd3 a5 28. Rfd1 Rbc8 29. Ra1 Bd5 30. f5 Rfd8 31. fxe6 Bxe6 32. Kh2 g6 33. Ba6 Rc2 34. Rab1 Ba2 35. Rbc1 Rxc1 36. Rxc1 Rxd4 37. Rc8+ Kg7 38. Rc6 Rb4 39. Rc2 b5 40. Bb7 Bb3 41. Rd2 a4 42. Ba6 Bc4 43. Bb7 Rb3 44. Bc6 a3 45. bxa3 Rxa3 46. Rb2 Ra6 47. Bd7 Rb6 48. Kg3 Bd3 49. Rb3 Bc4 50. Rb2 b4 51. Ba4 Be6 52. Bd1 b3 53. Kf2 Ra6 54. Bxb3 Rb6 0-1

[Event "Boavista-ch 3rd"]
[Site "Lisbon"]
[Date "2004.04.11"]
[Round "9"]
[White "Ferreira, Susana Carolina G"]
[Black "Furtado, Dinis"]
[Result "0-1"]
[WhiteElo "1351"]
[BlackElo "1719"]
[PlyCount "50"]
[EventDate "2004.04.05"]
[EventType "swiss"]
[EventRounds "9"]
[EventCountry "POR"]
[SourceTitle "EXT 2005"]
[Source "ChessBase"]
[SourceDate "2004.11.15"]
[SourceVersion "1"]
[SourceVersionDate "2004.11.15"]
[SourceQuality "1"]

1. d4 Nf6 2. c4 c5 3. e3 e6 4. Nc3 Nc6 5. Nf3 cxd4 6. exd4 Bb4 7. Bd2 d5 8. a3 Ba5 9. b4 Bc7 10. c5 Ne4 11. Qc2 Nxd2 12. Qxd2 a6 13. Bd3 Qf6 14. Bc2 Bf4 15. Qd1 Bd7 16. 0-0 g5 17. h3 h5 18. g3 Bc7 19. Kg2 g4 20. hxg4 hxg4 21. Nh2 Rxh2+ 22. Kxh2 Qh4+ 23. Kg1 Bxg3 24. fxg3 Qxg3+ 25. Kh1 0-0-0 0-1

[Event "Boavista-ch 3rd"]
[Site "Lisbon"]
[Date "2004.04.07"]
[Round "3"]
[White "Ferreira, Susana Carolina G"]
[Black "Ribeiro, Duarte"]
[Result "0-1"]
[WhiteElo "1351"]
[BlackElo "2057"]
[PlyCount "82"]
[EventDate "2004.04.05"]
[EventType "swiss"]
[EventRounds "9"]
[EventCountry "POR"]
[SourceTitle "EXT 2005"]
[Source "ChessBase"]
[SourceDate "2004.11.15"]
[SourceVersion "1"]
[SourceVersionDate "2004.11.15"]
[SourceQuality "1"]

1. d4 d5 2. c4 c6 3. Nc3 Nf6 4. Bf4 Qb6 5. Qd2 Bf5 6. e3 e6 7. a3 Nbd7 8. Nf3 Nh5 9. Bg3 Nxg3 10. hxg3 dxc4 11. Bxc4 Nf6 12. Nh4 Be4 13. Nxe4 Nxe4 14. Qc2 Qa5+ 15. Ke2 Nf6 16. Bd3 Bd6 17. Nf3 h6 18. Qd2 Qxd2+ 19. Kxd2 Ng4 20. Ke2 0-0-0 21. Rac1 g6 22. Nh2 Nxh2 23. Rxh2 a5 24. a4 h5 25. Rhh1 Rhe8 26. b3 Ba3 27. Rc2 e5 28. dxe5 Rxe5 29. Rd1 Red5 30. Rcd2 Bb4 31. Rc2 R5d6 32. Rcc1 Ba3 33. Rb1 Rf6 34. Bc4 Rh8 35. Rh1 g5 36. Rbd1 Bd6 37. Rh3 Kd7 38. Rhh1 Ke7 39. Rh3 Bb4 40. Rd3 Rhh6 41. Rh1 Rfg6 0-1